000
00181 a2200097 4500
020
_a
1564921018
041
_a
spa
100
_a
Kohen, Clarita
245
_a
El agua y tu
942
_c
BK
999
_c
31919
_d
31917